000 00944pam a2200265 a 4500
001 2487905
003 OSt
005 20191021172055.0
008 910807s1989 mex spa
020 _a968-880-155-0
040 _aDLC
_cBMC
_dDLC
082 _a658.04
100 1 _98358
_aStoner, James Arthur Finch
245 1 0 _aAdministración
_cJames A. F. Stoner, R. Charles Wankel ; traducción, Rosa María Rosas Sánchez ; revisión técnica, Noé Urzúa Bustamante
250 _a3ª ed
260 _aNaucalpan de Juárez (México) [etc.]
_bPrentice-Hall Hispanoamericana
_ccop. 1989
300 _aXXVIII, 826 p.
_bil.
_c25 cm
500 _aÍndices: p. 803-826
594 _1Traducido de la 3ª ed. en inglés de: Management
650 2 4 _93341
_aGestión de empresas
700 1 _aUrzúa Bustamante, Noé
_96389
700 1 _98366
_aWankel, Charles
700 1 _98367
_aRosas Sánchez, Rosa María
942 _2ddc
_cBK
_hprozim
999 _c3628
_d3628